Les 10 joueurs les plus décisifs en équipe de France sous Deschamps. - Statistiques

Statistiques générales
  • Ce quiz a été pris 447 fois
  • Le résultat moyen est 7 sur 10
Statistiques - réponses
G+A Joueurs G/A Matchs % Correct
71 Antoine Griezmann 43/28 120
100%
59 Kylian Mbappe 39/20 69
100%
61 Olivier Giroud 53/8 114
99%
32 Karim Benzema 22/10 48
93%
19 Paul Pogba 11/8 91
92%
18 Blaise Matuidi 9/9 70
68%
15 Franck Ribéry 6/9 17
45%
21 Mathieu Valbuena 6/15 40
45%
14 Dimitri Payet 8/6 35
39%
9 Anthony Martial 2/7 30
27%
Aucun quiz correspondant
Distribution des résultats
% des personnes avec chaque résultat
Percentile par nombre de réponses
Votre historique - résultats
Vous n’avez pas pris ce quiz